[Event "PAR-ch (Women)"]
[Site "Asuncion"]
[Date "2019.11.10"]
[Round "8"]
[White "Avalos, Rosana"]
[Black "Oviedo Acosta, Paula"]
[Result "0-1"]
[WhiteElo "1553"]
[BlackElo "1524"]
[PlyCount "60"]
[EventDate "2019.11.04"]
[EventType "tourn"]
[EventRounds "9"]
[EventCountry "PAR"]
[SourceTitle "CBM 193 Extra"]
[Source "ChessBase"]
[SourceDate "2020.01.31"]
[SourceVersion "1"]
[SourceVersionDate "2020.01.31"]
[SourceQuality "1"]

1. e4 c5 2. d4 cxd4 3. c3 dxc3 4. Nxc3 a6 5. Bc4 Nc6 6. Nf3 b5 7. Bb3 Bb7 8. 0-0 Na5 9. Bxf7+ Kxf7 10. Ne5+ Ke8 11. Qh5+ g6 12. Nxg6 hxg6 13. Qxh8 Kf7 14. Qh7+ Bg7 15. e5 Qb6 16. Ne2 Nc4 17. Be3 Qc6 18. e6+ dxe6 19. Qh3 Nf6 20. Nd4 Qe4 21. Nf3 Kg8 22. Bh6 Bxh6 23. Qxh6 Ne5 24. Nh4 Nfg4 25. Qg5 Qxg2+ 26. Nxg2 Nf3+ 27. Kh1 Nxg5 28. Rad1 Nh3 29. Rd2 Nf4 30. f3 Nxg2 0-1

[Event "PAR-ch (Women)"]
[Site "Asuncion"]
[Date "2019.11.09"]
[Round "6"]
[White "Avalos, Rosana"]
[Black "Avalos, Leticia"]
[Result "0-1"]
[WhiteElo "1553"]
[BlackElo "1662"]
[PlyCount "50"]
[EventDate "2019.11.04"]
[EventType "tourn"]
[EventRounds "9"]
[EventCountry "PAR"]
[SourceTitle "CBM 193 Extra"]
[Source "ChessBase"]
[SourceDate "2020.01.31"]
[SourceVersion "1"]
[SourceVersionDate "2020.01.31"]
[SourceQuality "1"]

1. e4 e6 2. d4 d5 3. e5 c5 4. Nf3 cxd4 5. Nxd4 Nc6 6. Bb5 Bd7 7. f4 Bc5 8. Bxc6 Bxc6 9. 0-0 Qb6 10. c3 a5 11. Nd2 Ne7 12. N2f3 Nf5 13. Kh1 g6 14. Nxc6 bxc6 15. g4 Ne7 16. Nd4 h5 17. gxh5 Rxh5 18. Nb3 Nf5 19. Rf3 Bf2 20. Bd2 Bg3 21. Rxg3 Nxg3+ 22. Kg2 Ne4 23. Be1 Ke7 24. Nd2 Rah8 25. Bg3 Rxh2+ 0-1

[Event "PAR-ch (Women)"]
[Site "Asuncion"]
[Date "2019.11.07"]
[Round "4"]
[White "Avalos, Rosana"]
[Black "Valdez Oliva, Sofia Guadalupe"]
[Result "1-0"]
[WhiteElo "1553"]
[BlackElo "1017"]
[PlyCount "47"]
[EventDate "2019.11.04"]
[EventType "tourn"]
[EventRounds "9"]
[EventCountry "PAR"]
[SourceTitle "CBM 193 Extra"]
[Source "ChessBase"]
[SourceDate "2020.01.31"]
[SourceVersion "1"]
[SourceVersionDate "2020.01.31"]
[SourceQuality "1"]

1. e4 e5 2. Nf3 Nc6 3. d4 Nf6 4. dxe5 Nxe4 5. Qd5 Nc5 6. Bc4 Ne6 7. a3 Be7 8. Nc3 0-0 9. 0-0 b6 10. Qe4 f5 11. exf6 Rxf6 12. Ng5 g6 13. Nxe6 dxe6 14. Qxc6 Bd7 15. Qe4 Bd6 16. Bg5 Kg7 17. Bxf6+ Kxf6 18. Rfe1 Qg8 19. Qh4+ Kg7 20. Qd4+ Kh6 21. Re3 g5 22. Qf6+ Kh5 23. Rh3+ Kg4 24. Qf3# 1-0

[Event "PAR-ch (Women)"]
[Site "Asuncion"]
[Date "2019.11.05"]
[Round "2"]
[White "Avalos, Rosana"]
[Black "Perez, Dalila"]
[Result "0-1"]
[WhiteElo "1553"]
[BlackElo "1879"]
[PlyCount "68"]
[EventDate "2019.11.04"]
[EventType "tourn"]
[EventRounds "9"]
[EventCountry "PAR"]
[SourceTitle "CBM 193 Extra"]
[Source "ChessBase"]
[SourceDate "2020.01.31"]
[SourceVersion "1"]
[SourceVersionDate "2020.01.31"]
[SourceQuality "1"]

1. e4 e6 2. d4 d5 3. Nc3 Bb4 4. Qg4 Ne7 5. Qxg7 Rg8 6. Qxh7 c5 7. a3 Bxc3+ 8. bxc3 Nbc6 9. Nf3 Qb6 10. Ng5 Nd8 11. Be2 cxd4 12. Nxf7 Nxf7 13. Bh5 Rxg2 14. Qxf7+ Kd7 15. Qe8+ Kd6 16. e5+ Kxe5 17. Qxe7 dxc3 18. Qh4 Qd4 19. Qxd4+ Kxd4 20. Be3+ Ke4 21. 0-0-0 Bd7 22. Rd4+ Kf5 23. Rf4+ Ke5 24. Rg4 Rxg4 25. Bxg4 d4 26. Bg5 Rc8 27. f4+ Kd6 28. h4 Rc4 29. h5 Ra4 30. Kb1 Rxa3 31. h6 Ra4 32. h7 Rb4+ 33. Ka2 Rb2+ 34. Ka3 b5 0-1

[Event "PAR-ch sf (Women)"]
[Site "Asuncion"]
[Date "2019.09.21"]
[Round "3"]
[White "Avalos, Rosana"]
[Black "Avalos, Leticia"]
[Result "1/2-1/2"]
[WhiteElo "1559"]
[BlackElo "1684"]
[PlyCount "78"]
[EventDate "2019.09.20"]
[EventType "swiss"]
[EventRounds "9"]
[EventCountry "PAR"]
[SourceTitle "CBM 194 Extra"]
[Source "ChessBase"]
[SourceDate "2020.03.31"]
[SourceVersion "1"]
[SourceVersionDate "2020.03.31"]
[SourceQuality "1"]

1. e4 e6 2. d4 d5 3. Nc3 Nc6 4. exd5 exd5 5. Nf3 Nf6 6. Bg5 Be7 7. Be2 0-0 8. 0-0 Be6 9. Re1 a6 10. a3 h6 11. Be3 Re8 12. h3 Bf8 13. Bf1 Qc8 14. Qd2 Bd6 15. Bf4 Bxf4 16. Qxf4 Qd7 17. Re2 Re7 18. Rae1 Rae8 19. Ne5 Nxe5 20. Rxe5 Qd6 21. Qd2 Bd7 22. Rxe7 Rxe7 23. Rxe7 Qxe7 24. Bd3 c6 25. Ne2 Ne4 26. Qe1 Qe8 27. Nc3 Nd6 28. Qxe8+ Nxe8 29. Ne2 Nf6 30. f3 Kf8 31. Kf2 Ke7 32. c3 b5 33. b4 Be6 34. Ng3 Bd7 35. Ke3 Be6 36. Kf2 Bd7 37. Ke3 Be6 38. Kf2 Bd7 39. Ke3 Be6 1/2-1/2

[Event "PAR-ch sf (Women)"]
[Site "Asuncion"]
[Date "2019.09.21"]
[Round "2"]
[White "Perez Canete, Dora Romina"]
[Black "Avalos, Rosana"]
[Result "1/2-1/2"]
[WhiteElo "1388"]
[BlackElo "1559"]
[PlyCount "150"]
[EventDate "2019.09.20"]
[EventType "swiss"]
[EventRounds "9"]
[EventCountry "PAR"]
[SourceTitle "CBM 194 Extra"]
[Source "ChessBase"]
[SourceDate "2020.03.31"]
[SourceVersion "1"]
[SourceVersionDate "2020.03.31"]
[SourceQuality "1"]

1. e4 g6 2. d4 Bg7 3. Bc4 d6 4. f4 Nf6 5. Nc3 0-0 6. Nf3 Nc6 7. h3 e5 8. d5 Ne7 9. fxe5 Ne8 10. e6 fxe6 11. dxe6 h6 12. Be3 c6 13. Qd2 Kh7 14. 0-0-0 b5 15. Bd3 Bxe6 16. e5 Nd5 17. Nxd5 Bxd5 18. exd6 Nxd6 19. Bc5 Re8 20. Qf4 Ne4 21. Bxe4 Rxe4 22. Qxe4 Bxe4 23. Rxd8 Rxd8 24. Re1 Bd5 25. Bxa7 Bf6 26. a3 Kg7 27. Bc5 Kf7 28. Rf1 Kg7 29. Re1 Kf7 30. Rf1 Kg7 31. Re1 Rd7 32. Rd1 Rf7 33. Rf1 g5 34. b3 h5 35. Re1 g4 36. hxg4 hxg4 37. Ne5 Bg5+ 38. Kb1 Rf5 39. Nxg4 Bxg2 40. Bd4+ Kf7 41. Ne5+ Kg8 42. Nd3 Bf6 43. Bxf6 Rxf6 44. Kb2 Bd5 45. Nb4 Bf3 46. Rf1 Kf7 47. Nd3 Bd5 48. Ne5+ Ke6 49. Rxf6+ Kxf6 50. Nd7+ Ke7 51. Nb6 Bh1 52. a4 bxa4 53. bxa4 Kd8 54. c4 Kc7 55. a5 Kb7 56. Kb3 Ka6 57. Kb4 Bf3 58. Nd7 Bh1 59. Nc5+ Ka7 60. Ne6 Ka6 61. Nd8 Bf3 62. Kc5 Kxa5 63. Nxc6+ Ka6 64. Kd6 Kb7 65. Ne7 Bh1 66. c5 Bg2 67. Nd5 Bxd5 68. Kxd5 Kc7 69. c6 Kc8 70. Kc5 Kc7 71. Kb5 Kc8 72. Kc5 Kc7 73. Kd5 Kc8 74. Kc4 Kc7 75. Kb5 Kc8 1/2-1/2

[Event "PAR-ch sf (Women)"]
[Site "Asuncion"]
[Date "2019.09.20"]
[Round "1"]
[White "Avalos, Rosana"]
[Black "Mayeregger Gonzalez, Fiorella Allegra"]
[Result "1-0"]
[WhiteElo "1559"]
[BlackElo "1131"]
[PlyCount "139"]
[EventDate "2019.09.20"]
[EventType "swiss"]
[EventRounds "9"]
[EventCountry "PAR"]
[SourceTitle "CBM 194 Extra"]
[Source "ChessBase"]
[SourceDate "2020.03.31"]
[SourceVersion "1"]
[SourceVersionDate "2020.03.31"]
[SourceQuality "1"]

1. e4 d5 2. exd5 Nf6 3. Nc3 Nxd5 4. Nf3 Bg4 5. h3 Bh5 6. d4 Nc6 7. Be2 e6 8. 0-0 Bb4 9. Nxd5 Qxd5 10. c3 Be7 11. c4 Qd6 12. d5 exd5 13. Qxd5 Qxd5 14. cxd5 Bxf3 15. Bxf3 Nd4 16. Be4 Ne2+ 17. Kh1 Nxc1 18. d6 Bxd6 19. Bxb7 Rb8 20. Bc6+ Kd8 21. Raxc1 Rxb2 22. Rb1 Rxb1 23. Rxb1 Ke7 24. Rb7 a6 25. g3 Ra8 26. Kg2 Kf6 27. f4 a5 28. Kf3 Ra6 29. Bd5 Rb6 30. Ra7 Rb5 31. Bb3 Rc5 32. Ke4 Rb5 33. Ra8 h6 34. Ra6 Ke7 35. Rc6 Rb4+ 36. Rc4 Rb6 37. g4 f6 38. h4 Rb5 39. Kf3 g5 40. Re4+ Kf8 41. hxg5 hxg5 42. f5 Re5 43. Rc4 Rc5 44. Ra4 Rc3+ 45. Ke4 Bb4 46. Kd5 c6+ 47. Ke6 Kg7 48. Kd7 Kf8 49. Be6 c5 50. Kc6 Rc2 51. Kb5 Ke7 52. a3 Bd2 53. Re4 Kd6 54. Bb3 Rc3 55. Re6+ Kd7 56. Bd5 Re3 57. Rxf6 Re8 58. Bc6+ Ke7 59. Re6+ Kf7 60. Bxe8+ Kf8 61. Kxc5 Bc1 62. Kb5 Bxa3 63. Kxa5 Be7 64. Bg6 Bd8+ 65. Kb5 Kg7 66. Rd6 Bf6 67. Kc6 Be7 68. Rd7 Kf6 69. Kd5 Bf8 70. Rf7# 1-0

[Event "PAR-ch sf"]
[Site "Asuncion"]
[Date "2018.08.12"]
[Round "3"]
[White "Nunez, Pablo"]
[Black "Avalos, Rosana"]
[Result "1-0"]
[WhiteElo "1442"]
[BlackElo "1570"]
[PlyCount "89"]
[EventDate "2018.08.10"]
[EventType "swiss"]
[EventRounds "9"]
[EventCountry "PAR"]
[SourceTitle "CBM 186 Extra"]
[Source "ChessBase"]
[SourceDate "2018.08.24"]
[SourceVersion "1"]
[SourceVersionDate "2018.08.24"]
[SourceQuality "1"]

1. e4 e5 2. Nf3 Nc6 3. Bc4 Bc5 4. c3 Nf6 5. d3 h6 6. Nbd2 0-0 7. h3 d5 8. exd5 Nxd5 9. 0-0 Kh8 10. Qc2 Be6 11. Ne4 Be7 12. Ng3 Nf4 13. Bxe6 Nxe6 14. b4 Ng5 15. Bxg5 Bxg5 16. Rfe1 Bf6 17. Re4 a6 18. Qd2 Qd5 19. Rae1 Rad8 20. R1e3 g6 21. Nh4 Bg5 22. Rg4 Ne7 23. Nf3 f5 24. Rxg5 hxg5 25. Rxe5 Qf7 26. Nxg5 Qf6 27. Qf4 Kg8 28. Qc4+ Kg7 29. Ne6+ Kh8 30. Nxd8 Rxd8 31. Re6 Qg5 32. h4 Qc1+ 33. Kh2 Nc6 34. h5 Qd2 35. Qh4 g5 36. Qc4 Rd7 37. Rh6+ Rh7 38. Rxh7+ Kxh7 39. Qf7+ Kh8 40. Qf8+ Kh7 41. Qxf5+ Kg8 42. Qc8+ Kf7 43. Qxc7+ Ke6 44. Qc8+ Kd6 45. Ne4+ 1-0

[Event "Asuncion Clasificatorio op 4th"]
[Site "Asuncion"]
[Date "2018.06.11"]
[Round "7"]
[White "Avalos, Rosana"]
[Black "Frutos Moreno, Carlos Manuel"]
[Result "0-1"]
[WhiteElo "1580"]
[BlackElo "1175"]
[PlyCount "98"]
[EventDate "2018.06.08"]
[EventType "swiss"]
[EventRounds "7"]
[EventCountry "PAR"]
[SourceTitle "CBM 184 Extra"]
[Source "ChessBase"]
[SourceDate "2018.06.28"]
[SourceVersion "1"]
[SourceVersionDate "2018.06.28"]
[SourceQuality "1"]

1. e4 d6 2. d4 Nf6 3. Nc3 g6 4. Nf3 Bg7 5. Be2 0-0 6. 0-0 Bg4 7. Bf4 Bxf3 8. Bxf3 Nbd7 9. e5 Ne8 10. Re1 dxe5 11. dxe5 c6 12. Qd2 Nc7 13. Rad1 Nb6 14. Qe3 Ncd5 15. Nxd5 Nxd5 16. Qc1 Qc7 17. Bxd5 cxd5 18. Rxd5 e6 19. Rd6 Rac8 20. c3 Rfd8 21. Red1 Rxd6 22. exd6 Qd7 23. Qe3 a6 24. Be5 f6 25. Bf4 Rc6 26. Qd4 Kf8 27. Be3 Kf7 28. Qb4 Bf8 29. Bc5 b6 30. Bxb6 Bxd6 31. Qd4 Rxb6 32. Qxb6 Bxh2+ 33. Kxh2 Qxd1 34. Qc7+ Kg8 35. Qc8+ Kf7 36. Qb7+ Kg8 37. Qe4 Qd5 38. Qxd5 exd5 39. Kg3 Kf7 40. Kf3 Ke6 41. Ke3 Kd6 42. Kd4 h5 43. a4 g5 44. b4 h4 45. b5 axb5 46. axb5 g4 47. b6 Kc6 48. b7 Kxb7 49. Kxd5 h3 0-1

[Event "Encarnacion op 3rd"]
[Site "Encarnacion"]
[Date "2018.05.13"]
[Round "4"]
[White "Avalos, Rosana"]
[Black "Alvarez, Jesus Esteban1111"]
[Result "1-0"]
[WhiteElo "1583"]
[BlackElo "1170"]
[PlyCount "137"]
[EventDate "2018.05.12"]
[EventType "swiss"]
[EventRounds "7"]
[EventCountry "PAR"]
[SourceTitle "CBM 184 Extra"]
[Source "ChessBase"]
[SourceDate "2018.06.28"]
[SourceVersion "1"]
[SourceVersionDate "2018.06.28"]
[SourceQuality "1"]

1. e4 Nf6 2. e5 Nd5 3. d4 c5 4. Nf3 e6 5. Be2 g6 6. 0-0 Bg7 7. c4 Ne7 8. d5 0-0 9. Nc3 Nf5 10. Ne4 h6 11. Rb1 Re8 12. Nxc5 b6 13. Ne4 Bb7 14. Nf6+ Bxf6 15. exf6 Qxf6 16. Bd2 exd5 17. Bc3 Qe7 18. Bd3 dxc4 19. Bxf5 gxf5 20. Qd4 f6 21. Qxc4+ d5 22. Qf4 Qg7 23. Qxf5 Nd7 24. Rfe1 d4 25. Bxd4 Ne5 26. Bxe5 Rxe5 27. Rxe5 fxe5 28. Nh4 Rf8 29. Qg6 Rc8 30. Qxg7+ Kxg7 31. Nf5+ Kf8 32. Nxh6 Be4 33. Re1 Rc2 34. f3 Bg6 35. Rxe5 Rxb2 36. a3 Ra2 37. Re3 b5 38. Ng4 a5 39. Ne5 Be8 40. h4 b4 41. axb4 axb4 42. Rb3 Ra4 43. Nd3 Ra3 44. Rxa3 bxa3 45. Nb4 Ke7 46. Kf2 Kd6 47. Ke3 Kc5 48. Nc2 a2 49. Kd2 Ba4 50. Na1 Be8 51. g4 Kd6 52. Ke3 Ke6 53. f4 Kf6 54. Kd4 Bc6 55. h5 Bf3 56. g5+ Kg7 57. h6+ Kh7 58. f5 Bh5 59. Ke5 Be2 60. Ke6 Bg4 61. Kf6 Bh5 62. Ke7 Kg8 63. g6 Kh8 64. Kf6 Be2 65. Kg5 Bc4 66. f6 Kg8 67. h7+ Kh8 68. Kh6 Bg8 69. g7# 1-0

[Event "PAR-ch (Women)"]
[Site "Asuncion"]
[Date "2018.02.26"]
[Round "7"]
[White "Carreras Colman, Luz Gabriela"]
[Black "Avalos, Rosana"]
[Result "1/2-1/2"]
[WhiteElo "1436"]
[BlackElo "1578"]
[PlyCount "185"]
[EventDate "2018.02.23"]
[EventType "swiss"]
[EventRounds "7"]
[EventCountry "PAR"]
[SourceTitle "CBM 183 Extra"]
[Source "ChessBase"]
[SourceDate "2018.04.19"]
[SourceVersion "1"]
[SourceVersionDate "2018.04.19"]
[SourceQuality "1"]

1. d4 Nf6 2. Nf3 g6 3. Bf4 Bg7 4. e3 d6 5. Be2 Nbd7 6. Nbd2 0-0 7. h3 Re8 8. Bh2 e5 9. 0-0 exd4 10. exd4 Nf8 11. Re1 Ne6 12. c3 Nd5 13. Qb3 Nb6 14. Rad1 Bd7 15. Qc2 Ng5 16. Nxg5 Qxg5 17. Nf3 Qf6 18. Bg3 Bf5 19. Qd2 h6 20. Nh2 Qd8 21. Bf3 d5 22. Rxe8+ Qxe8 23. Bxc7 Nc4 24. Qc1 Qd7 25. Bg3 Re8 26. b3 Nb6 27. Re1 Rc8 28. Qd2 Qd8 29. Ng4 Kh7 30. Ne3 Be6 31. Ng4 h5 32. Ne5 Nd7 33. Nxd7 Qxd7 34. Be5 f6 35. Bg3 Bf7 36. a4 b6 37. Kf1 g5 38. Be2 Bh6 39. Bb5 Qd8 40. Qb2 Bg6 41. f3 g4 42. fxg4 hxg4 43. hxg4 f5 44. gxf5 Bxf5 45. Re8 Qf6 46. Rxc8 Bxc8+ 47. Bf2 Bg4 48. Qc2+ Kg7 49. Be2 Bf5 50. Bd3 Bg4 51. Kg1 Bf4 52. g3 Bd6 53. Qb1 Bf3 54. Qc1 Kf8 55. Qe3 Bg4 56. Bb5 Kg7 57. Kg2 Qg6 58. Be8 Qf6 59. Bc6 Qf5 60. Bb5 Bh3+ 61. Kh2 Bg4 62. Kg1 Qb1+ 63. Kg2 Qf5 64. b4 Bh3+ 65. Kh2 Bg4 66. Bd3 Qh5+ 67. Kg1 Bd7 68. b5 Qd1+ 69. Kg2 Qg4 70. Be2 Qh3+ 71. Kg1 Qf5 72. Bd3 Qg4 73. Qe2 Qg5 74. c4 dxc4 75. Bxc4 Bxg3 76. Bxg3 Qxg3+ 77. Qg2 Qxg2+ 78. Kxg2 Kf6 79. Kf3 Kf5 80. Bd3+ Ke6 81. Bc4+ Kd6 82. Ke3 Bf5 83. Kd2 Be4 84. Kc3 Bf3 85. Kb4 Be4 86. a5 Bf3 87. axb6 axb6 88. Kc3 Be4 89. Kd2 Bg6 90. Ke3 Bf5 91. Kf4 Bc2 92. Kg5 Ba4 93. Kg4 1/2-1/2

[Event "PAR-ch (Women)"]
[Site "Asuncion"]
[Date "2018.02.25"]
[Round "5"]
[White "Avalos, Rosana"]
[Black "Montiel Caceres, Helen"]
[Result "1-0"]
[WhiteElo "1578"]
[BlackElo "1240"]
[PlyCount "99"]
[EventDate "2018.02.23"]
[EventType "swiss"]
[EventRounds "7"]
[EventCountry "PAR"]
[SourceTitle "CBM 183 Extra"]
[Source "ChessBase"]
[SourceDate "2018.04.19"]
[SourceVersion "1"]
[SourceVersionDate "2018.04.19"]
[SourceQuality "1"]

1. e4 c5 2. Nf3 Nc6 3. d4 cxd4 4. Nxd4 d6 5. Nc3 Nf6 6. f3 e5 7. Nb3 Bd7 8. Bg5 a6 9. Nd5 Be7 10. Nxe7 Qxe7 11. Qd2 h6 12. Bh4 Nxe4 13. Bxe7 Nxd2 14. Bxd6 Nxb3 15. axb3 Nd4 16. Bd3 Rc8 17. c3 Nxb3 18. Rd1 Nc5 19. Bc2 Ba4 20. Bxa4+ Nxa4 21. Rd2 f6 22. f4 Nb6 23. fxe5 Nc4 24. Re2 Kd7 25. 0-0 Nxd6 26. exd6 Kxd6 27. Rd1+ Kc5 28. Rd7 Rhe8 29. Rxe8 Rxe8 30. Rxg7 b5 31. Kf2 Kc4 32. Ra7 Re6 33. Rh7 f5 34. Rf7 Kb3 35. Rxf5 Kxb2 36. Rc5 Kb3 37. Kf3 b4 38. cxb4 Kxb4 39. Rc8 a5 40. Ra8 a4 41. g4 Kb3 42. Rb8+ Ka2 43. h4 Rc6 44. g5 Rg6 45. Kf4 a3 46. Kf5 Rc6 47. gxh6 Rxh6 48. Kg5 Rh8 49. Rxh8 Ka1 50. Ra8 1-0

[Event "PAR-ch (Women)"]
[Site "Asuncion"]
[Date "2018.02.24"]
[Round "3"]
[White "Avalos, Rosana"]
[Black "Avalos, Leticia"]
[Result "1/2-1/2"]
[WhiteElo "1578"]
[BlackElo "1705"]
[PlyCount "38"]
[EventDate "2018.02.23"]
[EventType "swiss"]
[EventRounds "7"]
[EventCountry "PAR"]
[SourceTitle "CBM 183 Extra"]
[Source "ChessBase"]
[SourceDate "2018.04.19"]
[SourceVersion "1"]
[SourceVersionDate "2018.04.19"]
[SourceQuality "1"]

1. e4 e6 2. d4 d5 3. Nc3 dxe4 4. Nxe4 Nf6 5. Bg5 Be7 6. Nxf6+ Bxf6 7. Bxf6 Qxf6 8. Nf3 0-0 9. Bd3 Nc6 10. 0-0 Ne7 11. c3 b6 12. Qc2 h6 13. Ne5 Rd8 14. f4 Bb7 15. Rae1 g6 16. Re3 Nf5 17. Rh3 h5 18. Be4 Bxe4 19. Qxe4 Qe7 1/2-1/2

[Event "Asuncion Clasificatorio op 6th"]
[Site "Asuncion"]
[Date "2017.07.23"]
[Round "?"]
[White "Avalos, Leticia"]
[Black "Avalos, Rosana"]
[Result "0-1"]
[WhiteElo "1755"]
[BlackElo "1559"]
[PlyCount "61"]
[EventDate "2017.07.21"]
[EventType "swiss"]
[EventRounds "7"]
[EventCountry "PAR"]
[SourceTitle "EXT 2023"]
[Source "ChessBase"]
[SourceDate "2022.10.05"]
[SourceVersion "1"]
[SourceVersionDate "2022.10.05"]
[SourceQuality "1"]

1. d4 Nf6 2. c4 g6 3. Nc3 Bg7 4. e4 d6 5. f4 0-0 6. Nf3 c5 7. d5 Nbd7 8. Be2 a6 9. 0-0 Qe8 10. Be3 e6 11. Nd2 exd5 12. cxd5 b5 13. Bf3 Nb6 14. Re1 b4 15. Ne2 Bg4 16. Nc1 Bxf3 17. Qxf3 Qb5 18. Rb1 Rfe8 19. g4 Nc4 20. Ndb3 Nxe3 21. Rxe3 a5 22. e5 dxe5 23. fxe5 Nd7 24. e6 fxe6 25. dxe6 Ne5 26. Qd5 Rab8 27. Qe4 a4 28. Qf4 axb3 29. Rxe5 Bxe5 30. Qxe5 bxa2 31. Ra1 0-1

[Event "Asuncion Clasificatorio op 6th"]
[Site "Asuncion"]
[Date "2017.07.22"]
[Round "?"]
[White "Diaz, Fernando"]
[Black "Avalos, Rosana"]
[Result "1-0"]
[WhiteElo "2038"]
[BlackElo "1559"]
[PlyCount "59"]
[EventDate "2017.07.21"]
[EventType "swiss"]
[EventRounds "7"]
[EventCountry "PAR"]
[SourceTitle "EXT 2023"]
[Source "ChessBase"]
[SourceDate "2022.10.05"]
[SourceVersion "1"]
[SourceVersionDate "2022.10.05"]
[SourceQuality "1"]

1. e4 e5 2. Nf3 Nc6 3. Bb5 a6 4. Ba4 d6 5. d3 Be7 6. 0-0 Nf6 7. h3 0-0 8. c3 b5 9. Bc2 Bb7 10. Re1 a5 11. Nbd2 b4 12. Nf1 Na7 13. d4 exd4 14. cxd4 Nc8 15. b3 Nb6 16. Ng3 c5 17. d5 Re8 18. Bb2 c4 19. bxc4 Nxc4 20. Bd4 Nd7 21. Bb3 Ba6 22. Rc1 Rc8 23. Nf5 Bf8 24. Nxg7 Bxg7 25. Bxg7 Kxg7 26. Bxc4 Bxc4 27. Nd4 Kh8 28. Nc6 Qg5 29. Rxc4 Rg8 30. g3 1-0

[Event "Asuncion Clasificatorio op 6th"]
[Site "Asuncion"]
[Date "2016.10.03"]
[Round "7.6"]
[White "Franco Pinanez, Miguel Augusto"]
[Black "Avalos, Rosana"]
[Result "1-0"]
[WhiteElo "1718"]
[BlackElo "1576"]
[PlyCount "25"]
[EventDate "2016.09.30"]
[EventType "swiss"]
[EventRounds "7"]
[EventCountry "PAR"]
[SourceTitle "EXT 2023"]
[Source "ChessBase"]
[SourceDate "2022.10.05"]
[SourceVersion "1"]
[SourceVersionDate "2022.10.05"]
[SourceQuality "1"]

1. e4 e5 2. Nf3 Nc6 3. Bc4 Bc5 4. 0-0 Nf6 5. d4 Nxd4 6. Nxe5 0-0 7. Be3 Ne6 8. Bxe6 Bxe3 9. Bxf7+ Rxf7 10. Nxf7 Kxf7 11. fxe3 Kg8 12. e5 Ne4 13. Qd5+ 1-0

[Event "Asuncion Clasificatorio op 6th"]
[Site "Asuncion"]
[Date "2016.10.02"]
[Round "5.6"]
[White "Gomez Dacak, Franklin Paul"]
[Black "Avalos, Rosana"]
[Result "1-0"]
[WhiteElo "1727"]
[BlackElo "1576"]
[PlyCount "67"]
[EventDate "2016.09.30"]
[EventType "swiss"]
[EventRounds "7"]
[EventCountry "PAR"]
[SourceTitle "EXT 2023"]
[Source "ChessBase"]
[SourceDate "2022.10.05"]
[SourceVersion "1"]
[SourceVersionDate "2022.10.05"]
[SourceQuality "1"]

1. e4 e5 2. Nf3 Nc6 3. d4 d6 4. Nc3 Nf6 5. Bg5 Be7 6. d5 Nb8 7. Bd3 Nbd7 8. 0-0 0-0 9. Nd2 c6 10. f4 exf4 11. dxc6 bxc6 12. Rxf4 Ne5 13. Kh1 Ng6 14. Rf1 Ng4 15. Bxe7 Qxe7 16. Qe1 N6e5 17. Rd1 a5 18. Qg3 Qa7 19. Rde1 Ba6 20. Bxa6 Qxa6 21. h3 Nh6 22. Nf3 Rae8 23. b3 Qb7 24. Ne2 Kh8 25. Nf4 Ng8 26. Nh5 g6 27. Nf4 Qe7 28. Nd3 Nxf3 29. Rxf3 Nf6 30. e5 Nh5 31. Qf2 Qc7 32. g4 Ng7 33. exd6 Qd7 34. Ne5 1-0

[Event "Olympiad Women-42"]
[Site "Baku"]
[Date "2016.09.03"]
[Round "2.61"]
[White "Avalos, Rosana"]
[Black "Alawadhi, Amenah"]
[Result "1-0"]
[WhiteElo "1576"]
[BlackElo "1393"]
[PlyCount "59"]
[EventDate "2016.09.02"]
[EventType "team-swiss"]
[EventRounds "11"]
[EventCountry "AZE"]
[SourceTitle "CBM 174 Extra"]
[Source "ChessBase"]
[SourceDate "2016.10.10"]
[SourceVersion "1"]
[SourceVersionDate "2016.10.10"]
[SourceQuality "1"]
[WhiteTeam "Paraguay (W)"]
[BlackTeam "Kuwait (W)"]
[WhiteTeamCountry "PAR"]
[BlackTeamCountry "KUW"]

1. e4 d5 2. exd5 Nf6 3. Nc3 Nxd5 4. Nf3 e6 5. g3 Be7 6. Bg2 Nc6 7. d4 0-0 8. 0-0 Nf6 9. Bf4 a6 10. Re1 b5 11. Ne5 Nxe5 12. Bxa8 Nc4 13. Rb1 Nb6 14. Bg2 b4 15. Ne4 Nbd5 16. Bd2 Nxe4 17. Bxe4 c5 18. dxc5 Bxc5 19. Qe2 a5 20. Red1 Bb7 21. c4 f5 22. Bg2 Rf6 23. cxd5 Bxd5 24. Bg5 f4 25. Bxf6 Qxf6 26. Bxd5 Kf8 27. Qxe6 Qxe6 28. Bxe6 f3 29. Rd7 g5 30. Rc1 1-0

[Event "PAR-ch U20"]
[Site "Asuncion"]
[Date "2016.03.13"]
[Round "7.2"]
[White "Avalos, Rosana"]
[Black "Cantero, Rodolfo"]
[Result "0-1"]
[WhiteElo "1557"]
[BlackElo "1856"]
[PlyCount "75"]
[EventDate "2016.03.11"]
[EventType "swiss"]
[EventRounds "7"]
[EventCountry "PAR"]
[SourceTitle "EXT 2023"]
[Source "ChessBase"]
[SourceDate "2022.10.05"]
[SourceVersion "1"]
[SourceVersionDate "2022.10.05"]
[SourceQuality "1"]

1. e4 c5 2. Nf3 d6 3. d4 cxd4 4. Nxd4 Nf6 5. Nc3 g6 6. Be3 Bg7 7. Qd2 Nc6 8. f3 0-0 9. 0-0-0 Nxd4 10. Bxd4 Be6 11. g4 Qa5 12. Kb1 Rfc8 13. Nd5 Qxd2 14. Rxd2 Nxd5 15. Bxg7 Nb4 16. a3 Kxg7 17. axb4 a5 18. b5 a4 19. Rd3 Bc4 20. Rc3 Bxf1 21. Rxc8 Rxc8 22. Rxf1 Rc5 23. b6 Rc6 24. Rd1 Rxb6 25. Rd4 Ra6 26. Rb4 Ra7 27. Ka2 Kf6 28. Rb5 e5 29. h4 h5 30. g5+ Ke6 31. Rb6 Kd7 32. Ka3 Kc7 33. Rb5 Kc6 34. c4 Ra8 35. Kb4 b6 36. Ka3 f6 37. gxf6 Rf8 38. Rb3 0-1

[Event "PAR-ch U20"]
[Site "Asuncion"]
[Date "2016.03.13"]
[Round "6.1"]
[White "Heinechen, Juan"]
[Black "Avalos, Rosana"]
[Result "1-0"]
[WhiteElo "1956"]
[BlackElo "1557"]
[PlyCount "57"]
[EventDate "2016.03.11"]
[EventType "swiss"]
[EventRounds "7"]
[EventCountry "PAR"]
[SourceTitle "EXT 2023"]
[Source "ChessBase"]
[SourceDate "2022.10.05"]
[SourceVersion "1"]
[SourceVersionDate "2022.10.05"]
[SourceQuality "1"]

1. e4 e5 2. Nf3 Nc6 3. d4 exd4 4. Nxd4 d6 5. Nc3 Nf6 6. Be2 Be7 7. 0-0 0-0 8. f4 Re8 9. Be3 Bd7 10. Nb3 Bf8 11. Bf3 Bf5 12. exf5 Rxe3 13. Qd2 Re8 14. Rad1 Qd7 15. g4 h5 16. g5 Ng4 17. Bxg4 hxg4 18. f6 gxf6 19. Nd5 Bg7 20. gxf6 Bh6 21. Qd3 Kh8 22. Kf2 Rg8 23. Rg1 Rae8 24. Rg3 Rg6 25. h3 Reg8 26. hxg4 Rxg4 27. Rh1 R8g6 28. Rgh3 Rg2+ 29. Ke1 1-0